000 00943nam a22002417a 4500
999 _c63826
_d63826
005 20240530110700.0
008 180109s2016 ua acf | |b 000 0 ara d
017 _a2015/11140
_bمصر. دار الكتب
020 _a9789776528062
040 _aEG-CaGPL
_cEG-CaGPL
082 0 4 _221
_a915.3 /
_bإ م
100 0 _aاسلام عاصم
245 1 0 _aمدن الخليج العربى فى كتابات الرحالة الغربيين /
_cاسلام عاصم
250 _aط. 1
260 _aالاسكندرية :
_bدار الكتب والدراسات العربية ،
_c2015.
300 _a242 ص. :
_bايض ؛
_c24 سم.
504 _aيشتمل على ارجاعات ببليوجرافية
650 _2qrmak
651 0 7 _2qrmak
_aالخليج العربى
_xوصف ورحلات
651 0 7 _2qrmak
_aشبة الجزيرة العربية
_xوصف ورحلات
942 _2ddc
_cBK